Basement information centre (Record no. 119809)

MARC details
000 -LEADER
fixed length control field 00700cam a2200169 4500
001 - CONTROL NUMBER
control field WS111037
008 - FIXED-LENGTH DATA ELEMENTS--GENERAL INFORMATION
fixed length control field 111014n2011 000 0 eng u
035 ## - SYSTEM CONTROL NUMBER
System control number (Sirsi) u111037
110 ## - MAIN ENTRY--CORPORATE NAME
Corporate name or jurisdiction name as entry element Basement Information Centre
245 ## - TITLE STATEMENT
Title Basement information centre
Medium [electronic resource]
520 ## - SUMMARY, ETC.
Summary, etc. Website for this national centre for information about the development and use of basements in new or existing dwellings; includes virtual tours of different uses of basements.
650 ## - SUBJECT ADDED ENTRY--TOPICAL TERM
Topical term or geographic name entry element ORGANISATION
650 0# - SUBJECT ADDED ENTRY--TOPICAL TERM
Topical term or geographic name entry element BASEMENTS
690 ## - LOCAL SUBJECT ADDED ENTRY--TOPICAL TERM (OCLC, RLIN)
Topical term or geographic name as entry element BUILT ENVIRONMENT-CONSTRUCTION DESIGN
856 40 - ELECTRONIC LOCATION AND ACCESS
Uniform Resource Identifier <a href="https://www.basements.org.uk">https://www.basements.org.uk</a>
Public note View the website free of charge at www.basements.org.uk...
942 ## - ADDED ENTRY ELEMENTS (KOHA)
Suppress in OPAC 0
Holdings
Withdrawn status Lost status Source of classification or shelving scheme Damaged status Not for loan Home library Current library Shelving location Date acquired Total Checkouts Full call number Barcode Date last seen Copy number Price effective from Koha item type
    Dewey Decimal Classification     Virtual Virtual Online 20/02/2001   WEB SITE 111037-2001 06/08/2019 1 06/08/2019 Online material